Statistics for Flatbush ZOMBiES Vacation In Hell Tracklist

Click here to take the quiz!

General Stats

  • This quiz has been taken 29 times
  • The average score is 14 of 19

Answer Stats

Song #Answer% Correct
3Vacation (feat. Joey Bada$$)
100%
2Chunky
89%
5Headstone
89%
1HELL-O
89%
4M. Bison
89%
9Facts (feat. Jadakiss)
84%
13U&I (feat. Dia)
84%
6Big Shrimp
79%
8Reel Girls (feat. Bun B)
79%
15Trapped
79%
11Crown (feat. Portugal. The Man)
74%
18YouAreMySunshine
74%
7Leather Symphony (feat. A$AP Twelvyy)
68%
17Misunderstood (feat. Nyck Caution)
68%
12Proxies
68%
10Ask Courtney
63%
16Best American
63%
19The Glory (feat. Denzel Curry)
58%
14The Goddess (feat. Dave B)
47%

Score Distribution

Percentile by Number Answered

Percent of People with Each Score

Your Score History

You have not taken this quiz